000 00279nam a22001337a 4500
008 180315b xxu||||| |||| 00| 0 eng d
020 _a9780072823288
041 _aeng
080 _a78
100 _a45
101 _aMUZ
245 _aMusic firs!
_cWhite,G.C
942 _2udc
_cBK
999 _c45107
_d45107